| 000 | 00440nam a2200157 a 4500 | ||
|---|---|---|---|
| 001 | 000031757 | ||
| 005 | 20200930063145.0 | ||
| 008 | 110701s1978 dr a 000 0 spa d | ||
| 040 |
_aDO-SdBNP _bspa _cBNPHU |
||
| 082 |
_axxx _bM917 |
||
| 100 | 1 |
_aMota, Juan Julio _957993 |
|
| 245 | 1 | 0 |
_aManual de incubación e incubadora / _cJuan Julio Mota. |
| 260 |
_aSanto Domingo : _b[s.n], _c1978. |
||
| 300 |
_a10 p. : _bil. ; _c19 cm. |
||
| 049 | _aBNPD | ||
| 999 |
_c31249 _d31249 |
||